Fryderyk F. Chopin /

Hlavní autor: Belza, Igor‘ Fedorovič, 1904-1994
Jazyk: Polština
Vydáno: Warszawa : Instytut wydawnictwa Pax, 1980
Vydání: 2. uzupeł. wyd.
Témata:
Fyzický popis: 374 s., il. příl.
Knihy
Uloženo v:
LEADER 00662nam a22001932a 4500
001 000203563
003 CZ BrMZK
005 20040623102554.0
008 010907s1980 pl f pol d
040 |a BOA001  |b cze 
100 1 |a Belza, Igor‘ Fedorovič,  |d 1904-1994  |7 mzk2003194580 
245 1 0 |a Fryderyk F. Chopin /  |c Igor' Fedorovič Belza 
250 |a 2. uzupeł. wyd. 
260 |a Warszawa :  |b Instytut wydawnictwa Pax,  |c 1980 
300 |a 374 s., il. příl. 
910 |a BOA001  |b PK-0091.511 
964 |a Chopin, Fryderyk - monografie životopisné 
990 |a BK 
996 7 |b 3119901151  |c PK-0091.511  |l MZK  |r Sklad / do 1 hodiny  |n 5  |w 000203563  |u 000010  |a 1  |e BOA001  |j MZK50  |s A